[Event "NZL-ch op-B 130th"]
[Site "Wellington"]
[Date "2023.01.06"]
[Round "5"]
[White "Jackson, L Ross"]
[Black "Wells, Clinton A"]
[Result "1-0"]
[WhiteElo "1885"]
[BlackElo "1887"]
[PlyCount "67"]
[EventDate "2023.01.02"]
[EventType "swiss"]
[EventRounds "9"]
[EventCountry "NZL"]
[SourceTitle "CBM 212 Extra"]
[Source "ChessBase"]
[SourceDate "2023.03.31"]
[SourceVersion "1"]
[SourceVersionDate "2023.03.31"]
[SourceQuality "1"]

1. d4 d5 2. c4 c6 3. cxd5 cxd5 4. Nc3 Nf6 5. Nf3 e6 6. Bg5 Be7 7. e3 Nbd7 8. Bd3 h6 9. Bh4 0-0 10. Rc1 a6 11. 0-0 Ne8 12. Bg3 Bd6 13. Ne5 Bxe5 14. dxe5 f5 15. exf6 Nexf6 16. f3 Qb6 17. Qe2 Nc5 18. Bb1 Bd7 19. Bf2 e5 20. Rfd1 Be6 21. Rd2 Rfd8 22. Rcd1 Rac8 23. h3 Qa5 24. g4 b5 25. a3 Na4 26. Nxa4 Qxa4 27. Bg3 e4 28. f4 Bf7 29. f5 Re8 30. Bd6 Rc6 31. Bb4 Rec8 32. Ba2 a5 33. b3 axb4 34. bxa4 1-0

[Event "NZL-ch op-B 130th"]
[Site "Wellington"]
[Date "2023.01.04"]
[Round "3"]
[White "Jackson, L Ross"]
[Black "Lourenco, Eva"]
[Result "1-0"]
[WhiteElo "1885"]
[BlackElo "1564"]
[PlyCount "45"]
[EventDate "2023.01.02"]
[EventType "swiss"]
[EventRounds "9"]
[EventCountry "NZL"]
[SourceTitle "CBM 212 Extra"]
[Source "ChessBase"]
[SourceDate "2023.03.31"]
[SourceVersion "1"]
[SourceVersionDate "2023.03.31"]
[SourceQuality "1"]

1. d4 d5 2. c4 e6 3. Nc3 Nf6 4. cxd5 exd5 5. Bg5 Be7 6. e3 Nbd7 7. Bd3 h6 8. Bh4 c6 9. Nf3 Nf8 10. Qc2 Be6 11. 0-0 N8d7 12. a3 0-0 13. b4 a6 14. Rae1 Ne8 15. Bxe7 Qxe7 16. a4 Nd6 17. b5 Rfc8 18. bxa6 bxa6 19. Qe2 a5 20. e4 dxe4 21. Nxe4 Nxe4 22. Bxe4 Nf6 23. Bf5 1-0

[Event "NZL-ch op-B 130th"]
[Site "Wellington"]
[Date "2023.01.03"]
[Round "2"]
[White "Nazeer, Afique M"]
[Black "Jackson, L Ross"]
[Result "1/2-1/2"]
[WhiteElo "1669"]
[BlackElo "1885"]
[PlyCount "153"]
[EventDate "2023.01.02"]
[EventType "swiss"]
[EventRounds "9"]
[EventCountry "NZL"]
[SourceTitle "CBM 212 Extra"]
[Source "ChessBase"]
[SourceDate "2023.03.31"]
[SourceVersion "1"]
[SourceVersionDate "2023.03.31"]
[SourceQuality "1"]

1. d4 Nf6 2. c4 e6 3. Nc3 d5 4. Nf3 Bb4 5. Bg5 h6 6. Bh4 g5 7. Bg3 Ne4 8. Qc2 Nxg3 9. hxg3 Nc6 10. e3 Bd7 11. a3 Bxc3+ 12. bxc3 b6 13. cxd5 exd5 14. c4 dxc4 15. Bxc4 Na5 16. Qe4+ Kf8 17. Bd5 c6 18. Ba2 Qf6 19. Qe5 Qxe5 20. Nxe5 Be8 21. f4 f6 22. Ng4 Kg7 23. fxg5 fxg5 24. Ne5 Bg6 25. Nxg6 Kxg6 26. g4 Rhf8 27. Bb1+ Kg7 28. Bf5 Rad8 29. Rc1 Rfe8 30. Kf2 Rd6 31. Rhe1 Re7 32. Rc3 Nb7 33. e4 c5 34. d5 Re5 35. a4 Re7 36. Be6 Rdxe6 37. dxe6 Nd8 38. a5 Rxe6 39. axb6 axb6 40. Rd3 Nc6 41. Rd5 Ne5 42. Kg3 c4 43. Rf1 Nd3 44. Rd7+ Kg8 45. Ra1 Re8 46. Rb7 Nc5 47. Rxb6 Nxe4+ 48. Kh2 Nf2 49. Rc6 Nxg4+ 50. Kg3 Ne3 51. Re1 Nf5+ 52. Kf2 Rxe1 53. Kxe1 Kg7 54. Rxc4 Kg6 55. g4 Ne3 56. Re4 Ng2+ 57. Kf2 Nf4 58. Ra4 h5 59. Ra6+ Kg7 60. gxh5 Nxh5 61. Kf3 Kf7 62. Kg4 Nf6+ 63. Kxg5 Nh7+ 64. Kf5 Nf8 65. Ra7+ Kg8 66. Kf6 Nh7+ 67. Kg6 Nf8+ 68. Kh6 Ne6 69. Re7 Nf8 70. Kg5 Kh8 71. Rf7 Kg8 72. Kf6 Nh7+ 73. Ke7 Kh8 74. Rf3 Kg7 75. Rg3+ Kh6 76. Kf7 Ng5+ 77. Rxg5 1/2-1/2

[Event "NZL-ch op-B 130th"]
[Site "Wellington"]
[Date "2023.01.02"]
[Round "1"]
[White "Jackson, L Ross"]
[Black "Tang, Tracy"]
[Result "1-0"]
[WhiteElo "1885"]
[BlackElo "1538"]
[PlyCount "63"]
[EventDate "2023.01.02"]
[EventType "swiss"]
[EventRounds "9"]
[EventCountry "NZL"]
[SourceTitle "CBM 212 Extra"]
[Source "ChessBase"]
[SourceDate "2023.03.31"]
[SourceVersion "1"]
[SourceVersionDate "2023.03.31"]
[SourceQuality "1"]

1. d4 Nf6 2. c4 c5 3. d5 b5 4. cxb5 a6 5. b6 d6 6. Nc3 Qxb6 7. e4 Nbd7 8. Nf3 g6 9. Be2 Bg7 10. 0-0 a5 11. Nd2 Ba6 12. Bxa6 Qxa6 13. a4 0-0 14. f4 Qb7 15. Ra3 Rfb8 16. h3 Ne8 17. Nf3 Nc7 18. Re1 f6 19. f5 Nb6 20. fxg6 hxg6 21. Nh4 Kf7 22. Qg4 g5 23. Qh5+ Kg8 24. Nf5 Ne8 25. h4 Nc4 26. Ra2 Ne5 27. hxg5 fxg5 28. Qxg5 Kf8 29. Rf1 Nf7 30. Nxg7 Nxg7 31. Qg6 e6 32. Bh6 1-0

[Event "North Island-ch"]
[Site "Wellington"]
[Date "2021.04.03"]
[Round "3"]
[White "Jackson, L Ross"]
[Black "Langford, Josh"]
[Result "0-1"]
[WhiteElo "1840"]
[BlackElo "1570"]
[PlyCount "90"]
[EventDate "2021.04.02"]
[EventType "swiss"]
[EventRounds "8"]
[EventCountry "NZL"]
[SourceTitle "EXT 2024"]
[Source "ChessBase"]
[SourceDate "2023.10.10"]
[SourceVersion "1"]
[SourceVersionDate "2023.10.10"]
[SourceQuality "1"]

1. d4 Nf6 2. Nf3 e6 3. g3 d5 4. Bg2 Be7 5. 0-0 0-0 6. Nbd2 c5 7. c3 b6 8. dxc5 bxc5 9. c4 Bb7 10. Ne5 Nbd7 11. Nxd7 Qxd7 12. cxd5 exd5 13. Nb3 Rad8 14. Bg5 Rc8 15. Rc1 Qd6 16. Bh3 d4 17. Bxc8 Rxc8 18. Bxf6 Qd5 19. f3 Bxf6 20. Na5 Ba8 21. Nc4 h5 22. b3 h4 23. Qd3 Re8 24. Rce1 Re6 25. Kg2 Bd8 26. e4 Qg5 27. f4 Qh5 28. Ne5 f5 29. Qc4 Qh6 30. Qxc5 h3+ 31. Kf2 Bxe4 32. Rxe4 fxe4 33. Qxa7 Bb6 34. Qf7+ Kh7 35. Qf5+ Kg8 36. Qf7+ Kh7 37. Qf5+ Kg8 38. Qxe4 Qh5 39. Qf3 Qf5 40. g4 Qc2+ 41. Kg3 d3 42. Nxd3 Re3 43. Ne1 Rxf3+ 44. Rxf3 Qxa2 45. Kxh3 Qe2 0-1

[Event "NZL-ch Major op"]
[Site "Palmerston North"]
[Date "2021.01.02"]
[Round "1"]
[White "Liang, Ting"]
[Black "Jackson, L Ross"]
[Result "0-1"]
[WhiteElo "1507"]
[BlackElo "1869"]
[PlyCount "50"]
[EventDate "2021.01.02"]
[EventType "swiss"]
[EventRounds "9"]
[EventCountry "NZL"]
[SourceTitle "EXT 2024"]
[Source "ChessBase"]
[SourceDate "2023.10.10"]
[SourceVersion "1"]
[SourceVersionDate "2023.10.10"]
[SourceQuality "1"]

1. c4 Nf6 2. Nc3 d6 3. g3 g6 4. Bg2 Bg7 5. Nf3 0-0 6. 0-0 Nbd7 7. d4 c6 8. e4 e5 9. d5 c5 10. Re1 Nb6 11. b3 Nh5 12. h3 Bd7 13. Bb2 a6 14. a4 a5 15. Qd2 Nc8 16. Nb5 b6 17. Kh2 Qe7 18. Ng1 Na7 19. Nc3 f5 20. f4 exf4 21. gxf4 Qh4 22. Nce2 Bxb2 23. Qxb2 fxe4 24. Bxe4 Qf2+ 25. Bg2 Nxf4 0-1

[Event "South Island-ch"]
[Site "Dunedin"]
[Date "2020.10.04"]
[Round "2"]
[White "Duffield, Terence"]
[Black "Jackson, L Ross"]
[Result "0-1"]
[WhiteElo "1692"]
[BlackElo "1870"]
[PlyCount "70"]
[EventDate "2020.10.03"]
[EventType "swiss"]
[EventRounds "7"]
[EventCountry "NZL"]
[SourceTitle "EXT 2024"]
[Source "ChessBase"]
[SourceDate "2023.10.10"]
[SourceVersion "1"]
[SourceVersionDate "2023.10.10"]
[SourceQuality "1"]

1. e4 c5 2. Nc3 e6 3. Nf3 d5 4. d3 Nc6 5. Be2 d4 6. Nb1 e5 7. 0-0 Be7 8. c3 Nf6 9. Nbd2 0-0 10. a4 Be6 11. Ng5 Bd7 12. Nc4 h6 13. Nf3 Qc7 14. Ne1 Be6 15. Qc2 g5 16. h4 Nd7 17. hxg5 hxg5 18. Bd1 Kg7 19. Qe2 Rh8 20. Nf3 Qd8 21. Nh2 Rh7 22. g4 a6 23. Bb3 Nf8 24. Nd2 Bd7 25. Qf3 Ne6 26. Bxe6 Bxe6 27. Qg3 Qh8 28. Kg2 dxc3 29. bxc3 Qc8 30. Rb1 Qd7 31. Qe3 Bxg4 32. Nxg4 Qxg4+ 33. Qg3 Qd7 34. Nc4 Rg8 35. Nxe5 Qe6 0-1

[Event "South Island-ch"]
[Site "Hanmer Springs"]
[Date "2019.10.09"]
[Round "8"]
[White "Capel, Evan Timothy"]
[Black "Jackson, L Ross"]
[Result "1-0"]
[WhiteElo "2183"]
[BlackElo "1847"]
[PlyCount "57"]
[EventDate "2019.10.05"]
[EventType "swiss"]
[EventRounds "9"]
[EventCountry "NZL"]
[SourceTitle "EXT 2023"]
[Source "ChessBase"]
[SourceDate "2022.10.05"]
[SourceVersion "1"]
[SourceVersionDate "2022.10.05"]
[SourceQuality "1"]

1. d4 d5 2. c4 e6 3. cxd5 exd5 4. Nc3 c6 5. Nf3 Bd6 6. Bg5 Ne7 7. e3 Qb6 8. Rb1 Bf5 9. Bd3 f6 10. Bh4 Na6 11. Bg3 Nb4 12. Bxf5 Nxf5 13. a3 Nxg3 14. hxg3 Na6 15. Qc2 g6 16. b4 Rc8 17. Nxd5 Qd8 18. Nf4 Kd7 19. Nd3 b5 20. 0-0 Nb8 21. e4 Bf8 22. Rbc1 Bh6 23. Ra1 Ke7 24. Rfe1 Kf7 25. e5 Re8 26. exf6 Kxf6 27. Nde5 a5 28. Re4 Bf8 29. Rf4+ 1-0

[Event "South Island-ch"]
[Site "Hanmer Springs"]
[Date "2019.10.09"]
[Round "7"]
[White "Korenevski, Oleg"]
[Black "Jackson, L Ross"]
[Result "0-1"]
[WhiteElo "1859"]
[BlackElo "1847"]
[PlyCount "88"]
[EventDate "2019.10.05"]
[EventType "swiss"]
[EventRounds "9"]
[EventCountry "NZL"]
[SourceTitle "EXT 2023"]
[Source "ChessBase"]
[SourceDate "2022.10.05"]
[SourceVersion "1"]
[SourceVersionDate "2022.10.05"]
[SourceQuality "1"]

1. d4 Nf6 2. c4 e6 3. Nc3 d5 4. Bg5 Bb4 5. a3 Bxc3+ 6. bxc3 h6 7. Bh4 g5 8. Bg3 Ne4 9. Qc2 Nxg3 10. hxg3 dxc4 11. Qa4+ c6 12. Qxc4 Qd5 13. e3 Qxc4 14. Bxc4 Nd7 15. f4 gxf4 16. gxf4 c5 17. Nf3 cxd4 18. cxd4 Nb6 19. Bd3 Nd5 20. Kf2 Bd7 21. Rac1 Ke7 22. g3 Rac8 23. Ne5 Rxc1 24. Rxc1 Rc8 25. Rxc8 Bxc8 26. Ng4 h5 27. Ne5 f5 28. Be2 Nf6 29. Bf3 Kd6 30. Ke2 b6 31. Nc4+ Kc7 32. Nd2 Ba6+ 33. Ke1 Bd3 34. Be2 Bxe2 35. Kxe2 Kd6 36. Kd3 Kd5 37. Ke2 Ne4 38. Nf1 b5 39. Kd3 a5 40. Ke2 b4 41. axb4 axb4 42. Kd3 b3 43. Nd2 Nxd2 44. Kxd2 Ke4 0-1

[Event "South Island-ch"]
[Site "Hanmer Springs"]
[Date "2019.10.07"]
[Round "5"]
[White "Ha, Huy Minh"]
[Black "Jackson, L Ross"]
[Result "1/2-1/2"]
[WhiteElo "1624"]
[BlackElo "1847"]
[PlyCount "96"]
[EventDate "2019.10.05"]
[EventType "swiss"]
[EventRounds "9"]
[EventCountry "NZL"]
[SourceTitle "EXT 2023"]
[Source "ChessBase"]
[SourceDate "2022.10.05"]
[SourceVersion "1"]
[SourceVersionDate "2022.10.05"]
[SourceQuality "1"]

1. d4 d5 2. Nf3 Nf6 3. g3 c5 4. c3 cxd4 5. cxd4 Nc6 6. Bg2 Bf5 7. 0-0 e6 8. a3 Bd6 9. Nc3 0-0 10. Re1 h6 11. e3 Rc8 12. Nh4 Bh7 13. f4 Be7 14. Nf3 Ne4 15. Nxe4 Bxe4 16. Bd2 g5 17. Ne5 Nxe5 18. fxe5 Bxg2 19. Kxg2 f6 20. Qh5 Kg7 21. exf6+ Bxf6 22. Rac1 Qe8 23. Qd1 Qg6 24. Bb4 Rfe8 25. Qf3 Qe4 26. Qxe4 dxe4 27. Rc3 Rxc3 28. Bxc3 Rc8 29. Rd1 Kg6 30. Rd2 g4 31. Bb4 Rc6 32. Bc3 h5 33. Kf1 Rd6 34. Rc2 Bg5 35. Re2 Rd5 36. Ke1 h4 37. Kd1 Rf5 38. Be1 Rf1 39. Kc2 h3 40. Kb3 Rf3 41. Bf2 Kf7 42. Kc4 Rf5 43. Be1 b5+ 44. Kc3 a6 45. b3 Rf3 46. Bf2 Ke7 47. Kb4 Rf5 48. Ka5 b4+ 1/2-1/2

[Event "South Island-ch"]
[Site "Hanmer Springs"]
[Date "2019.10.06"]
[Round "2"]
[White "Jackson, L Ross"]
[Black "Smith, Robert Wayne"]
[Result "0-1"]
[WhiteElo "1847"]
[BlackElo "2183"]
[PlyCount "94"]
[EventDate "2019.10.05"]
[EventType "swiss"]
[EventRounds "9"]
[EventCountry "NZL"]
[SourceTitle "EXT 2023"]
[Source "ChessBase"]
[SourceDate "2022.10.05"]
[SourceVersion "1"]
[SourceVersionDate "2022.10.05"]
[SourceQuality "1"]

1. d4 c5 2. d5 Nf6 3. c4 g6 4. Nc3 d6 5. e4 Bg7 6. Qa4+ Nbd7 7. Bd3 0-0 8. Nf3 a6 9. 0-0 e6 10. Re1 b5 11. Qc2 bxc4 12. Bxc4 Nb6 13. Na4 exd5 14. Nxb6 Qxb6 15. exd5 Bf5 16. Bd3 Bxd3 17. Qxd3 Rfe8 18. Be3 Qb5 19. Rad1 Qxb2 20. Rd2 Qb5 21. Qc2 Rab8 22. Ng5 h6 23. Nf3 Ng4 24. Bf4 Rxe1+ 25. Nxe1 Be5 26. Bxe5 Nxe5 27. f4 Qb1 28. Kf2 Ng4+ 29. Kg3 Ne3 30. Qxb1 Rxb1 31. Re2 Nxd5 32. Re8+ Kg7 33. Nf3 Rb2 34. a3 Rb3 35. Rd8 Nf6 36. Kh4 Rd3 37. Ne1 Rd4 38. g3 d5 39. Rc8 g5+ 40. Kh3 g4+ 41. Kg2 Ne4 42. Ra8 c4 43. Rxa6 c3 44. Rc6 Rd2+ 45. Kg1 d4 46. a4 Rd1 47. Kf1 d3 0-1

[Event "North Island-ch"]
[Site "Wellington"]
[Date "2019.04.22"]
[Round "7"]
[White "Dive, Russell John"]
[Black "Jackson, L Ross"]
[Result "1-0"]
[WhiteElo "2298"]
[BlackElo "1847"]
[PlyCount "63"]
[EventDate "2019.04.19"]
[EventType "swiss"]
[EventRounds "8"]
[EventCountry "NZL"]
[SourceTitle "EXT 2020"]
[Source "ChessBase"]
[SourceDate "2019.10.17"]
[SourceVersion "1"]
[SourceVersionDate "2019.10.17"]
[SourceQuality "1"]

1. Nf3 d5 2. c4 d4 3. d3 Nc6 4. g3 f6 5. Na3 e5 6. Nc2 a5 7. Bg2 Nh6 8. Bxh6 gxh6 9. 0-0 Be6 10. e3 dxe3 11. Nxe3 Qd7 12. Nd5 Bg7 13. d4 e4 14. Nd2 f5 15. Nb3 b6 16. Nxc7+ Qxc7 17. d5 Bf7 18. dxc6 Rd8 19. Qe2 a4 20. Nd2 0-0 21. Rab1 Qxc6 22. b3 axb3 23. axb3 Qd6 24. Rfd1 Qd3 25. Qxd3 Rxd3 26. Nf1 Rfd8 27. Ne3 Rxd1+ 28. Rxd1 Rxd1+ 29. Nxd1 b5 30. cxb5 Bxb3 31. Ne3 Be6 32. Bh3 1-0

[Event "North Island-ch"]
[Site "Wellington"]
[Date "2019.04.19"]
[Round "2"]
[White "Jackson, L Ross"]
[Black "Timergazi, Layla"]
[Result "0-1"]
[WhiteElo "1847"]
[BlackElo "2005"]
[PlyCount "67"]
[EventDate "2019.04.19"]
[EventType "swiss"]
[EventRounds "8"]
[EventCountry "NZL"]
[SourceTitle "EXT 2020"]
[Source "ChessBase"]
[SourceDate "2019.10.17"]
[SourceVersion "1"]
[SourceVersionDate "2019.10.17"]
[SourceQuality "1"]

1. d4 c6 2. c4 d5 3. Nf3 Nf6 4. Nc3 e6 5. a4 Bb4 6. Qb3 Ba5 7. Bg5 Nbd7 8. e3 0-0 9. Bd3 b6 10. cxd5 exd5 11. 0-0 Re8 12. Qc2 h6 13. Bh4 Bb4 14. Na2 c5 15. Nxb4 cxb4 16. Qc6 Rb8 17. Bg3 Bb7 18. Qb5 Qe7 19. Bxb8 a6 20. Bh7+ Nxh7 21. Qd3 Nxb8 22. Ne5 Nf6 23. Rfc1 Ne4 24. Rc2 Ng5 25. Rac1 Ne6 26. Qb3 Qd6 27. Qd3 Nd7 28. Qf5 Nxe5 29. dxe5 Qd7 30. Rc7 Rc8 31. Rxc8+ Bxc8 32. Qg4 Nc5 33. Qd1 Nxa4 34. Qb3 0-1

[Event "Wellington op"]
[Site "Wellington"]
[Date "2018.04.01"]
[Round "6"]
[White "Day, Fabian"]
[Black "Jackson, L Ross"]
[Result "1/2-1/2"]
[WhiteElo "1556"]
[BlackElo "1893"]
[PlyCount "53"]
[EventDate "2018.03.30"]
[EventType "swiss"]
[EventRounds "6"]
[EventCountry "NZL"]
[SourceTitle "EXT 2019"]
[Source "ChessBase"]
[SourceDate "2018.10.10"]
[SourceVersion "1"]
[SourceVersionDate "2018.10.10"]
[SourceQuality "1"]

1. e4 c5 2. d4 cxd4 3. c3 dxc3 4. Nxc3 Nc6 5. Nf3 d6 6. Bc4 a6 7. 0-0 Nf6 8. Bf4 e6 9. Qe2 b5 10. Bb3 Ra7 11. Rfd1 Rd7 12. Rac1 Qb6 13. Nd5 Qb7 14. Bxd6 Bxd6 15. e5 Bxe5 16. Nxe5 Nxe5 17. Qxe5 Rg8 18. Rc7 Qb8 19. Rdc1 Bb7 20. Rc8+ Qxc8 21. Rxc8+ Bxc8 22. Nb6 Rd8 23. a4 Nd7 24. Qe3 Nxb6 25. Qxb6 bxa4 26. Bxa4+ Bd7 27. Qxa6 1/2-1/2

[Event "Wellington op"]
[Site "Wellington"]
[Date "2018.03.31"]
[Round "3"]
[White "Jackson, L Ross"]
[Black "Stracy, Don M"]
[Result "1-0"]
[WhiteElo "1893"]
[BlackElo "1575"]
[PlyCount "89"]
[EventDate "2018.03.30"]
[EventType "swiss"]
[EventRounds "6"]
[EventCountry "NZL"]
[SourceTitle "EXT 2019"]
[Source "ChessBase"]
[SourceDate "2018.10.10"]
[SourceVersion "1"]
[SourceVersionDate "2018.10.10"]
[SourceQuality "1"]

1. d4 Nf6 2. c4 e6 3. Nc3 Bb4 4. Nf3 b6 5. g3 Bb7 6. Bg2 0-0 7. 0-0 c5 8. a3 Bxc3 9. bxc3 Na6 10. Bg5 Rb8 11. Qa4 Qc8 12. Bxf6 gxf6 13. d5 exd5 14. cxd5 Bxd5 15. Qg4+ Kh8 16. Qf5 Qc6 17. Ng5 fxg5 18. Bxd5 Qg6 19. Qxd7 Rbd8 20. Qxa7 Rxd5 21. Qxa6 Rfd8 22. Rab1 R5d6 23. Qb7 Kg7 24. Qc7 R8d7 25. Qc8 Rd8 26. Qg4 h5 27. Qc4 R8d7 28. f4 g4 29. f5 Qg5 30. Rf4 Qd8 31. Rbf1 f6 32. Re4 Rd1 33. Qe6 Rxf1+ 34. Kxf1 Rd1+ 35. Kf2 Rd6 36. Qe7+ Qxe7 37. Rxe7+ Kh6 38. Re6 Rxe6 39. fxe6 Kg7 40. Ke3 Kf8 41. Kf4 Ke7 42. Kf5 b5 43. e3 c4 44. e4 b4 45. axb4 1-0

[Event "NZL-ch op 125th"]
[Site "Palmerston North"]
[Date "2018.01.02"]
[Round "2"]
[White "Jackson, L Ross"]
[Black "Goormachtigh, Johan"]
[Result "0-1"]
[WhiteElo "1906"]
[BlackElo "2159"]
[PlyCount "50"]
[EventDate "2018.01.01"]
[EventType "swiss"]
[EventRounds "9"]
[EventCountry "NZL"]
[SourceTitle "CBM 182 Extra"]
[Source "ChessBase"]
[SourceDate "2018.02.23"]
[SourceVersion "1"]
[SourceVersionDate "2018.02.23"]
[SourceQuality "1"]

1. d4 Nf6 2. b3 g6 3. Bb2 Bg7 4. Nf3 0-0 5. e3 c5 6. c3 b6 7. Nbd2 Bb7 8. Bd3 Nc6 9. 0-0 d6 10. Qe2 Rc8 11. Rac1 cxd4 12. Nxd4 e6 13. e4 e5 14. Nxc6 Bxc6 15. Bb1 d5 16. exd5 Qxd5 17. Nf3 Nh5 18. c4 Nf4 19. Qe3 Qe6 20. Nxe5 Bxe5 21. Qxe5 Ne2+ 22. Kh1 Bxg2+ 23. Kxg2 Qg4+ 24. Qg3 Nxg3 25. fxg3 Rcd8 0-1

[Event "Wellington Easter op"]
[Site "Wellington"]
[Date "2017.04.16"]
[Round "5"]
[White "Murdoch, Stephen"]
[Black "Jackson, L Ross"]
[Result "0-1"]
[WhiteElo "1510"]
[BlackElo "1926"]
[PlyCount "76"]
[EventDate "2017.04.14"]
[EventType "swiss"]
[EventRounds "6"]
[EventCountry "NZL"]
[SourceTitle "CBM 178 Extra"]
[Source "ChessBase"]
[SourceDate "2017.06.22"]
[SourceVersion "1"]
[SourceVersionDate "2017.06.22"]
[SourceQuality "1"]

1. d4 Nf6 2. Nf3 d5 3. Bg5 Ne4 4. Bh4 Nd7 5. e3 Ndf6 6. Bd3 h6 7. Bxf6 exf6 8. h3 Bd6 9. 0-0 Qe7 10. c4 dxc4 11. Bxc4 0-0 12. Qb3 c6 13. Nc3 b5 14. Bd3 f5 15. Rac1 Ng5 16. Nxg5 hxg5 17. Qd1 g6 18. a4 b4 19. Ne2 Bd7 20. g3 f4 21. exf4 gxf4 22. Nxf4 Bxf4 23. gxf4 Bxh3 24. Re1 Qf6 25. Qf3 Bd7 26. Re5 Kg7 27. Rcc5 Rh8 28. Kf1 Rh3 29. Qe4 Rh4 30. Rg5 Re8 31. Rce5 Rxf4 32. Qg2 Rh8 33. Ke2 Rh6 34. Be4 Rfh4 35. b3 Be6 36. Bxc6 Rxd4 37. Bd5 Bg4+ 38. f3 Qf4 0-1

[Event "Wellington Easter op"]
[Site "Wellington"]
[Date "2017.04.15"]
[Round "4"]
[White "Jackson, L Ross"]
[Black "Chen, Wei Kai"]
[Result "0-1"]
[WhiteElo "1926"]
[BlackElo "1653"]
[PlyCount "42"]
[EventDate "2017.04.14"]
[EventType "swiss"]
[EventRounds "6"]
[EventCountry "NZL"]
[SourceTitle "CBM 178 Extra"]
[Source "ChessBase"]
[SourceDate "2017.06.22"]
[SourceVersion "1"]
[SourceVersionDate "2017.06.22"]
[SourceQuality "1"]

1. d4 d5 2. c4 e6 3. Nc3 Nf6 4. cxd5 exd5 5. Bg5 c6 6. Qc2 Be7 7. e3 Bg4 8. Bd3 h6 9. Bh4 0-0 10. h3 Be6 11. Nge2 c5 12. Nf4 cxd4 13. exd4 Nc6 14. Nxe6 fxe6 15. Ne2 Qa5+ 16. Kf1 Qb6 17. Rd1 e5 18. dxe5 Ne4 19. Bxe4 Bxh4 20. Bxd5+ Kh8 21. Kg1 Qxf2+ 0-1

[Event "NZL-ch op 124th"]
[Site "Wellington"]
[Date "2017.01.05"]
[Round "5"]
[White "Jackson, L Ross"]
[Black "Lu, Lillian"]
[Result "1-0"]
[WhiteElo "1924"]
[BlackElo "1710"]
[PlyCount "109"]
[EventDate "2017.01.01"]
[EventType "swiss"]
[EventRounds "9"]
[EventCountry "NZL"]
[SourceTitle "CBM 176 Extra"]
[Source "ChessBase"]
[SourceDate "2017.03.02"]
[SourceVersion "1"]
[SourceVersionDate "2017.03.02"]
[SourceQuality "1"]

1. c4 e6 2. Nc3 Nf6 3. e4 d6 4. d4 Be7 5. Nf3 b6 6. Bd3 Bb7 7. 0-0 0-0 8. Re1 d5 9. cxd5 exd5 10. e5 Ne8 11. Qe2 c5 12. Be3 Nc7 13. Rad1 Ne6 14. Qc2 h6 15. dxc5 bxc5 16. Be4 Nc7 17. Qb3 Qc8 18. Nxd5 Nxd5 19. Bxd5 Bxd5 20. Qxd5 Qc6 21. a3 Qxd5 22. Rxd5 Na6 23. Rd7 Rfe8 24. Nd2 Bf8 25. Nc4 Red8 26. Red1 Rdc8 27. Kf1 Nc7 28. f4 g6 29. g4 Ne6 30. f5 gxf5 31. gxf5 Ng7 32. f6 Ne6 33. Kf2 Nd8 34. Bd2 Rcb8 35. Ba5 Nc6 36. Rg1+ Kh8 37. Bc7 Rb7 38. Rxf7 Rc8 39. e6 Rbxc7 40. e7 Nxe7 41. Ne5 Re8 42. fxe7 Rcxe7 43. Ng6+ Kg8 44. Rxe7 Bxe7 45. Nxe7+ Kf7 46. Nd5 Rd8 47. Rd1 Rb8 48. Rd2 Ke6 49. Nc3 Rf8+ 50. Ke3 Rf5 51. Rf2 Re5+ 52. Kd3 a6 53. Re2 Rxe2 54. Kxe2 Kf5 55. Kf3 1-0

[Event "Wellington CC-chA"]
[Site "Wellington"]
[Date "2016.11.03"]
[Round "9"]
[White "Jackson, L Ross"]
[Black "Timergazi, Layla"]
[Result "1/2-1/2"]
[WhiteElo "1921"]
[BlackElo "2018"]
[PlyCount "128"]
[EventDate "2016.09.08"]
[EventType "tourn"]
[EventRounds "9"]
[EventCountry "NZL"]
[SourceTitle "EXT 2018"]
[Source "ChessBase"]
[SourceDate "2017.10.13"]
[SourceVersion "1"]
[SourceVersionDate "2017.10.13"]
[SourceQuality "1"]

1. e4 c6 2. d4 d5 3. f3 Qb6 4. Nc3 dxe4 5. fxe4 Nf6 6. Be2 Na6 7. a4 e5 8. dxe5 Nd7 9. a5 Qc5 10. e6 fxe6 11. Nf3 Nb4 12. Bd3 Be7 13. Bf4 0-0 14. Qd2 Bf6 15. Be3 Qh5 16. 0-0 Rd8 17. Qf2 Ne5 18. Nxe5 Bxe5 19. g3 Nxd3 20. cxd3 Bxc3 21. bxc3 e5 22. Qa2+ Kh8 23. Qf7 Qxf7 24. Rxf7 Kg8 25. Rc7 Rxd3 26. Bxa7 Rxc3 27. Bb6 Rb3 28. Re1 Bh3 29. Re7 Rf8 30. Bf2 Rb5 31. Bb6 Rb3 32. Bf2 Rb2 33. Bb6 Rb3 34. Bf2 Rbf3 35. Re2 Rd8 36. Re1 Rd2 37. Bc5 Rc3 38. Rxe5 Rcc2 39. Re8+ Kf7 40. Rf8+ Ke6 41. Rf2 Rxf2 42. Bxf2 Rd2 43. Bb6 g6 44. Bc7 Bg2 45. Rb1 Bxe4 46. Rxb7 Rg2+ 47. Kf1 Rxh2 48. Rb6 Ra2 49. Rb4 Bd5 50. Rh4 h5 51. Rf4 c5 52. Rf8 c4 53. Rg8 Kf6 54. Rd8 Be4 55. Rd6+ Ke7 56. Rd4 Bd3+ 57. Ke1 Re2+ 58. Kd1 Ra2 59. Bd6+ Ke6 60. Bb4 Ra4 61. Bc3 Ra3 62. Kd2 g5 63. Rd8 Ra2+ 64. Ke3 Ra3 1/2-1/2

[Event "Wellington CC-chA"]
[Site "Wellington"]
[Date "2016.10.13"]
[Round "6"]
[White "Dive, Russell John"]
[Black "Jackson, L Ross"]
[Result "1-0"]
[WhiteElo "2302"]
[BlackElo "1921"]
[PlyCount "71"]
[EventDate "2016.09.08"]
[EventType "tourn"]
[EventRounds "9"]
[EventCountry "NZL"]
[SourceTitle "EXT 2018"]
[Source "ChessBase"]
[SourceDate "2017.10.13"]
[SourceVersion "1"]
[SourceVersionDate "2017.10.13"]
[SourceQuality "1"]

1. Nf3 d5 2. c4 c6 3. g3 g6 4. Bg2 Bg7 5. d4 Nf6 6. 0-0 0-0 7. Nbd2 Nbd7 8. b3 Qa5 9. Bb2 Ne4 10. a3 Nxd2 11. Nxd2 Nf6 12. b4 Qd8 13. Rc1 Bf5 14. Re1 Qd7 15. a4 Bh6 16. e3 Ne4 17. cxd5 cxd5 18. Nxe4 Bxe4 19. Bxe4 dxe4 20. Qc2 f5 21. Qc7 Rad8 22. b5 e6 23. Rc2 Bg5 24. Ba3 Rf7 25. Rec1 Qe8 26. Qa5 b6 27. Qa6 Be7 28. Rc8 Kg7 29. Bb2 Bf6 30. R8c7 Rdd7 31. Qxa7 Qd8 32. Rxd7 Rxd7 33. Qa6 e5 34. Rc6 Rd6 35. Qb7+ Kh6 36. Rc8 1-0